Countries Closest to Skopje - One Minute Sprint - Statistics

General Stats
  • This quiz has been taken 61 times
  • The average score is 16 of 20
Answer Stats
km country miles % Correct
622 Slovenia 386
94%
107 Greece 67
93%
15 Kosovo 9
93%
128 Montenegro 79
93%
32 Serbia 20
93%
235 Bosnia and Herzegovina 146
91%
84 Bulgaria 52
91%
244 Croatia 152
91%
67 Albania 42
89%
236 Romania 147
89%
317 Italy 197
87%
407 Turkey 253
87%
465 Hungary 289
78%
667 Moldova 414
76%
678 Slovakia 421
72%
668 Ukraine 415
70%
673 Austria 418
69%
742 Vatican City 461
57%
757 San Marino 471
56%
794 Poland 403
52%
No matching quizzes found
Score Distribution
Percent of People with Each Score
Percentile by Number Answered
Your Score History
You have not taken this quiz